Plant metabolism (Record no. 31381)

MARC details
000 -LEADER
fixed length control field 00635nam a2200277Ia 4500
082 ## - DEWEY DECIMAL CLASSIFICATION NUMBER
Classification number 581.13
Item number RIC
100 ## - MAIN ENTRY--AUTHOR NAME
Personal name RICHTER, Gerhard
245 #0 - TITLE STATEMENT
Title Plant metabolism
260 ## - PUBLICATION, DISTRIBUTION, ETC. (IMPRINT)
Place of publication London
Name of publisher Groom Helm
Year of publication 1978
650 ## - SUBJECT ADDED ENTRY--TOPICAL TERM
Topical Term Biological oxidation
650 ## - SUBJECT ADDED ENTRY--TOPICAL TERM
Topical Term Carotenoid
650 ## - SUBJECT ADDED ENTRY--TOPICAL TERM
Topical Term Cell
650 ## - SUBJECT ADDED ENTRY--TOPICAL TERM
Topical Term Chlorophyll
650 ## - SUBJECT ADDED ENTRY--TOPICAL TERM
Topical Term Enzyme
650 ## - SUBJECT ADDED ENTRY--TOPICAL TERM
Topical Term Ion
650 ## - SUBJECT ADDED ENTRY--TOPICAL TERM
Topical Term Lipid
650 ## - SUBJECT ADDED ENTRY--TOPICAL TERM
Topical Term Macromolecules
650 ## - SUBJECT ADDED ENTRY--TOPICAL TERM
Topical Term Metabolism
650 ## - SUBJECT ADDED ENTRY--TOPICAL TERM
Topical Term Metabolite
650 ## - SUBJECT ADDED ENTRY--TOPICAL TERM
Topical Term Photosynthesis
650 ## - SUBJECT ADDED ENTRY--TOPICAL TERM
Topical Term Plant autotrophy
650 ## - SUBJECT ADDED ENTRY--TOPICAL TERM
Topical Term Protein
650 ## - SUBJECT ADDED ENTRY--TOPICAL TERM
Topical Term Water
942 ## - ADDED ENTRY ELEMENTS (KOHA)
Koha item type Books
Holdings
Withdrawn status Lost status Damaged status Not for loan Home library Current library Date acquired Full call number Accession Number Koha item type
        RRII Library RRII Library 16/12/2021 581.13 RIC 11927 Books